¡Vámonos! : Bernard Plossu en México : 1965-1966, 1970, 1974, 1981 /

Gespeichert in:
Bibliographische Detailangaben
1. Verfasser: Plossu, Bernard (fotógrafo)
Weitere Verfasser: Albiñana, Salvador (edición) (edición), García de Oteyza, Juan (edición) (edición), Maillé, Mauricio (texto) (texto), Azcárraga Jean, Emilio (presentación) (presentación), Lebrija, Alicia (presentación) (presentación)
Format: Buch
Sprache:Spanisch
Veröffentlicht: Madrid, España : México : Turner ; Televisa, Fundación Cultural, 2013, c2013
Schlagworte:
Tags: Tag hinzufügen
Keine Tags, Fügen Sie das erste Tag hinzu!

MARC

LEADER 00000nam^a2200000^a^4500
001 000350662
005 20250526000000.0
009 20260310114949.551
020 |a 978-84-15832-58-4 
037 |a Acervo ITESO - Biblioteca 
041 |a ESP 
082 |a 770. 944  |b PLO ALB 
100 |a Plossu, Bernard  |e (fotógrafo) 
245 1 0 |a ¡Vámonos! :  |b Bernard Plossu en México : 1965-1966, 1970, 1974, 1981 /  |c Fotógrafo B. Plossu ; ed. y texto de S. Albiñana ; ed. de J. García de Oteyza ; texto de M. Maillé... [et al.] ; presen. de E. Azcárraga Jean, A. Lebrija. 
264 4 |a Madrid, España :  |b Turner ;  |a México :  |b Televisa, Fundación Cultural,  |c 2013, c2013 
300 |a 332 p. ;  |c 34.0 cm. 
336 |a texto  |b txt  |2 rdacontenido 
337 |a sin mediación  |b n  |2 rdamedio 
338 |a volumen  |b nc  |2 rdasoporte 
545 0 |a Nacido en Dalat, Vietnam del Sur (la antigua Indochina Francesa) en 1945, Bernard Plossu fue desde temprana edad un fotógrafo aficionado y viajero que muy pronto se maravilló con la magia de la luz capturada a través de la cámara. Formado en la Cinemateca de París, con Bergman, Buñuel, Dreyer y la nouevelle vague, entre otros clásicos, comenzó también a leer-ver a los grandes nombres de la fotografía. Y luego, a los 20 años recién cumplidos -1965-1966- descubrió y recorrió México, en un viaje que resultaría definitivo para su vocación y que anuncia ya su posterior caminar por el mundo, siempre atento a registrar con la lente la vida que pasa. Su mirada de Estados Unidos, Níger, Italia, India, Africa y México en tres ocasiones más, son muestra de su visión artística. 
649 |a XX 
650 |a Fotógrafos Franceses -  |x Exposiciones -  |x Catálogos 
650 |a Artistas Franceses -  |x Exposiciones -  |x Catálogos 
650 |a Museos y Galerías -  |z México (Ciudad) -  |x Exposiciones -  |x Catálogos 
650 |a Museos y Galerías -  |z México -  |x Exposiciones -  |x Catálogos 
650 |a Prácticas Culturales -  |z México 
650 |a Fotografía Antropológica -  |z México -  |x Exposiciones -  |x Catálogos 
650 |a Fotografía Antropológica -  |z México -  |x Historia y Crítica 
650 |a Fotografía y Sociedad -  |z México -  |x Exposiciones -  |x Catálogos 
650 |a Fotografía y Sociedad -  |z México -  |x Historia y Crítica 
650 |a Fotografía Francesa -  |x Exposiciones -  |x Catálogos -  |x Tema Principal 
650 |a Fotografía Francesa -  |x Historia y Crítica 
650 |a Fotografía Francesa -  |y Siglo XX 
650 |a Arte y Sociedad -  |z México -  |x Exposiciones -  |x Catálogos 
650 |a Arte y Sociedad -  |z México -  |x Historia y Crítica 
650 |a Arte Francés -  |x Exposiciones -  |x Catálogos 
650 |a Arte Francés -  |x Historia y Crítica 
650 |a Arte Francés -  |y Siglo XX 
650 |a Antropología Cultural 
650 |a México -  |x Fotografías -  |x Tema Principal 
650 |a México -  |x Historia -  |y 1946-2000 
650 |a México -  |x Historia -  |y Siglo XX 
650 |a Plossu, Bernard -  |x Tema Principal 
700 |a Albiñana, Salvador  |e (edición) 
700 |a García de Oteyza, Juan  |e (edición) 
700 |a Maillé, Mauricio  |e (texto) 
700 |a Azcárraga Jean, Emilio  |e (presentación) 
700 |a Lebrija, Alicia  |e (presentación) 
910 |a Fondo General 
920 |a Impresos - Libros 
930 |a Libros Antiguos y Raros 
905 |a 108 
901 |a 0500241202  |b IT2  |c LRA  |i C144366  |u 20250526 
902 |a https://opac.biblio.iteso.mx/vufind/Record/000350662